Tati Tembare (Record no. 103748)

MARC details
000 -LEADER
fixed length control field 00625nam a2200229Ia 4500
003 - CONTROL NUMBER IDENTIFIER
control field OSt
005 - DATE AND TIME OF LATEST TRANSACTION
control field 20260605113216.0
008 - FIXED-LENGTH DATA ELEMENTS--GENERAL INFORMATION
fixed length control field 210210b1999 xxu||||| |||| 00| 0 eng d
020 ## - INTERNATIONAL STANDARD BOOK NUMBER
International Standard Book Number 81 86670 32 7
040 ## - CATALOGING SOURCE
Transcribing agency AL
041 ## - LANGUAGE CODE
Language code of text/sound track or separate title Tulu
082 ## - DEWEY DECIMAL CLASSIFICATION NUMBER
Classification number T894.1 PRAT
100 ## - MAIN ENTRY--PERSONAL NAME
Personal name PRAMODA (K Suvarna)
Dates associated with a name ಪ್ರಮೋದ (ಕೆ. ಸುವರ್ಣ)
9 (RLIN) 265316
245 ## - TITLE STATEMENT
Title Tati Tembare
Remainder of title ತಾಟಿ ತೆಂಬರೆ
260 ## - PUBLICATION, DISTRIBUTION, ETC.
Place of publication, distribution, etc. Mangaluru
Name of publisher, distributor, etc. Hemanshu Prakashana
Date of publication, distribution, etc. 1999
300 ## - PHYSICAL DESCRIPTION
Extent 73
650 ## - SUBJECT ADDED ENTRY--TOPICAL TERM
Topical term or geographic name entry element Tembare
9 (RLIN) 265317
650 ## - SUBJECT ADDED ENTRY--TOPICAL TERM
Topical term or geographic name entry element Tati
9 (RLIN) 265318
690 ## - LOCAL SUBJECT ADDED ENTRY--TOPICAL TERM (OCLC, RLIN)
Topical term or geographic name as entry element Tulu Poetry
9 (RLIN) 265319
906 ## - LOCAL DATA ELEMENT F, LDF (RLIN)
a 056330
942 ## - ADDED ENTRY ELEMENTS (KOHA)
Source of classification or shelving scheme Dewey Decimal Classification
Koha item type Book
Holdings
Withdrawn status Lost status Damaged status Not for loan Collection code Home library Current library Shelving location Date acquired Source of acquisition Cost, normal purchase price Total Checkouts Full call number Barcode Date last seen Price effective from Koha item type
        Tulu St Aloysius Library St Aloysius Library   02/17/2021 Hemanshu Prakashana, Mangalore 30.00   T894.1 PRAT 056330 02/17/2021 02/17/2021 Book